000 005450000a22001930004500
020 _a84-7228-234-1
041 0 _aSPA
082 0 4 _aG 305.23 B2741s
100 1 _aBarrett, Ethel
245 1 0 _aEl signo secreto / Ethel Barrett ; Ana María Flores de Danyans, Traductor
260 _aTerrassa, Barcelona, España : CLIE
300 _a160 Pag
500 _aTítulo original : The secret sign
001 9413
942 _cBK
999 _c39430
_d39430
336 _atexto
_btxt
_2rdacontent
337 _2rdamedia
_asin mediación
_bn
338 _2rdacarrier
_avolumen
_bnc